Statistics for The Beatles

Click here to take the quiz!

General Stats

  • This quiz has been taken 59 times
  • The average score is 8 of 21

Answer Stats

HintAnswer% Correct
Who was the oldest Beatle?Ringo Starr
100%
How many Beatles could read sheet music?Zero
78%
Who played lead guitar on "While My Guitar Gently Weeps"Eric Clapton
70%
Which Beatle's mother died from cancer in 1956?Paul McCartney
70%
Who got a black eye when Pete Best was replaced with Ringo?George Harrison
68%
What was John Lennon's first band called?The Quarrymen
62%
What was the song "Yesterday" originally titled?Scrambled Eggs
42%
What Eric Clapton song was written about George Harrison's ex-wife Pattie Boyd?Layla
40%
What killed John Lennon's mother, Julia Lennon?Drunk Driving
36%
How many number one hits did the Beatles have?Twenty
36%
What musician is sometimes called "The Black Beatle"Billy Preston
32%
What was John Lennon's first instrument?The Banjo
32%
Where was Ringo when he learned to play the drums?The Hospital
28%
What instrument did Paul McCartney's Father play?The Trumpet
26%
How many instruments could George Harrison play?Twenty Six
24%
What WW2 film was John Lennon in?How I Won The War
20%
What was the first UK number one hit from the Beatles?From Me To You
18%
Name one of two musicians who arrived with the Beatles in IndiaDonovan or Mike Love
10%
Where did The Beatles live while in Hamburg?A Cinema
4%
How many people watched the Bealtes on the Ed Sullivan Show?Seventy Three Million
2%
Who played Paul McCartney's grandfather in "A Hard Day's Night"?Wilfrid Brambell
2%

Score Distribution

Percentile by Number Answered

Percent of People with Each Score

Your Score History

You have not taken this quiz